Times por Escudo - 1. HNL 23/24 - Statistics

Estatísticas Gerais
  • Esse quiz foi jogado 23 vezes
  • A pontuação média é 3 de 10
Estatísticas das Respostas
Imagem Resposta % Correto
Dinamo de Zagreb
100%
Hajduk Split
55%
Rijeka
32%
Lokomotiva Zagreb
27%
HNK Gorica
23%
Osijek
23%
Rudes
23%
Slaven Belupo
23%
Istra 1961
18%
Varazdin
18%
Nenhum quiz correspondente encontrado
Distribuição das Pontuações
Porcentagem de Pessoas com Cada Pontuação
Percentil de Números Respondidos
Sua Pontuação Histórica
Você não jogou esse quiz